Пиноккиогийн адал явдал (Бичлэгийн дугаар. 995372)

MARC дэлгэрэнгүй
000 -Удирдлага
Ном зүйн бүртгэл тоо буюу кодлох утгыг агуулсан 00602nam a22001937a 4500
008 - ЕРӨНХИЙ МЭДЭЭЛЭЛ-ЭЛЕМЕНТҮҮДИЙН ӨГӨГДЛИЙН УРТ
fixed length control field 240619b mp ||||| |||| 00| 0 mon d
035 ## - СИСТЕМИЙН ХЯНАЛТЫН ДУГААР
Системийн хяналтын дугаар 17162
040 ## - ЭХ СУРВАЛЖИЙГ ТОДОРХОЙЛОН БИЧИХ
Анхны каталогийн байгууллага HO1084140
Каталогийн хэл Монгол
Бичлэг хийж нэвтрүүлэх байгууллага MN-UlNLM
Өөрчлүүлэх байгууллага MN-UlNLM
Бичиглэлийн тодорхойлолт rda
041 ## - ХЭЛНИЙ КОД
Текстийн хэлний код/фонограм буюу салангид гарчиг Монгол
082 ## - ДЬЮИ АРАВТЫН АНГИЛЛЫН ДУГААР
Дьюигийн аравтын ангилал 10-t
Classification number 808.899.282
Item number К 607
100 ## - ЗОХИОГЧИЙН ХЭСЭГ
Зохиогчийн нэр Коллоди К.
245 #0 - ҮНДСЭН ГАРЧИГ
Гарчиг Пиноккиогийн адал явдал
264 ## - ГАРАЛТЫН МЭДЭЭ
Хэвлэгдсэн газар Улаанбаатар
Бүтээгч, хэвлэгч, түгээгч, үйлдвэрлэгчийн нэр Гэгээрлийн яамны хэвлэл
Хэвлэгдсэн он 1965
300 ## - ТООНЫ МЭДЭЭ
Хуудасны тоо 172х.
336 ## - АГУУЛГЫН ТӨРӨЛ
Нөөц rdacontent
Агуулгын төрлийн нөхцөл text
Агуулгын төрлийн код txt
337 ## - MEDIA TYPE
Эх сурвалж rdamedia
Файлын төрөл unmediated
Файлын код n
338 ## - CARRIER TYPE
Source rdacarrier
Carrier type term volume
Carrier type code nc
942 ## - ЭЛЕМЕНТИЙН ТӨРӨЛ
Анги Аравтын ангилал
Төрөл Ном
Захиалгууд
Буцаан татагдсан төлөв Хасагдсан шалтгаан Гэмтсэн төлөв Данс заагч Захиалах боломжгүй Үндсэн номын сан Одоогийн байршил Салбар танхим Салбар танхим Бүртгэсэн огноо Тавиурын заалт Баркод Үнэ Хамгийн сүүлд байсан огноо Нийт уншлаганд гарсан тоо Дансны дугаар Төрөл
          Ховд Ховд Ховд | Үндсэн фонд Ховд | Үндсэн фонд 2024-06-28 808.899.282К 607 HO10817162-7-1 310.00 2024-06-28   27501 Ном
          Ховд Ховд Ховд | Үндсэн фонд Ховд | Үндсэн фонд 2024-06-28 808.899.282К 607 HO10817162-7-2 310.00 2024-06-28   27503 Ном
          Ховд Ховд Ховд | Үндсэн фонд Ховд | Үндсэн фонд 2024-06-28 808.899.282К 607 HO10817162-7-3 310.00 2024-06-28   27504 Ном
          Ховд Ховд Ховд | Үндсэн фонд Ховд | Үндсэн фонд 2024-06-28 808.899.282К 607 HO10817162-7-4 310.00 2024-06-28   27505 Ном
          Ховд Ховд Ховд | Үндсэн фонд Ховд | Үндсэн фонд 2024-06-28 808.899.282К 607 HO10817162-7-5 310.00 2024-06-28   27502 Ном